Information 2000 : (Record no. 136)

MARC details
000 -LEADER
fixed length control field 01923cam a2200397 a 4500
001 - CONTROL NUMBER
control field 16986078
003 - CONTROL NUMBER IDENTIFIER
control field OSt
005 - DATE AND TIME OF LATEST TRANSACTION
control field 20230602123435.0
008 - FIXED-LENGTH DATA ELEMENTS--GENERAL INFORMATION
fixed length control field 111001s2000 sx a b 100 0 eng
010 ## - LIBRARY OF CONGRESS CONTROL NUMBER
LC control number 2011349567
020 ## - INTERNATIONAL STANDARD BOOK NUMBER
International Standard Book Number 9789991675213
020 ## - INTERNATIONAL STANDARD BOOK NUMBER
International Standard Book Number 9991675213
035 ## - SYSTEM CONTROL NUMBER
System control number (OCoLC)ocm45354781
040 ## - CATALOGING SOURCE
Original cataloging agency NDD
Transcribing agency NDD
Modifying agency OCLCQ
-- NOC
-- HEBIS
-- DEBBG
-- OCLCA
-- DLC
042 ## - AUTHENTICATION CODE
Authentication code pcc
-- lcode
050 00 - LIBRARY OF CONGRESS CALL NUMBER
Classification number Z857.S8
Item number S73 2000
082 ## - DEWEY DECIMAL CLASSIFICATION NUMBER
Classification number 020.967
Item number SCE
084 ## - OTHER CLASSIFICATION NUMBER
Classification number AN 87200
Number source rvk
100 ## - MAIN ENTRY--PERSONAL NAME
Dates associated with a name 2000
111 2# - MAIN ENTRY--MEETING NAME
Meeting name or jurisdiction name as entry element Standing Conference of Eastern, Central and Southern African Librarians
Number of part/section/meeting (14th :
Date of meeting 2000 :
Location of meeting Windoek, Namibia)
245 10 - TITLE STATEMENT
Title Information 2000 :
Remainder of title A Vision for the SCECSAL Region : papers presented at the 14th Standing Conference of Eastern, Central, and Southern African Librarians (SCECSAL 2000) : 10th-15th April, 2000, Safari Court & Conference Centre, Windhoek, Namibia /
Statement of responsibility, etc. edited by Justin Chisenga, Agnes Chitambo and Fred Onyango.
260 ## - PUBLICATION, DISTRIBUTION, ETC. (IMPRINT)
Place of publication, distribution, etc. Windhoek :
Name of publisher, distributor, etc. Namibian Information Workers Association,
Date of publication, distribution, etc. c2000.
300 ## - PHYSICAL DESCRIPTION
Extent vi, 254 p. :
Other physical details ill. ;
Dimensions 26 cm.
500 ## - GENERAL NOTE
General note April 2000".
504 ## - BIBLIOGRAPHY, ETC. NOTE
Bibliography, etc Includes bibliographical references.
650 #0 - SUBJECT ADDED ENTRY--TOPICAL TERM
Topical term or geographic name as entry element Libraries
Geographic subdivision Africa, Sub-Saharan
Form subdivision Congresses.
650 #0 - SUBJECT ADDED ENTRY--TOPICAL TERM
Topical term or geographic name as entry element Library science
Form subdivision Congresses
Geographic subdivision Africa, Sub-Saharan
General subdivision Library science
Form subdivision Congresses.
700 1# - ADDED ENTRY--PERSONAL NAME
Personal name Chisenga, Justin.
Dates associated with a name 2000
700 1# - ADDED ENTRY--PERSONAL NAME
Personal name Chitambo, A. M.
Dates associated with a name 2000
700 1# - ADDED ENTRY--PERSONAL NAME
Personal name Onyango, Fred.
Dates associated with a name 2000
710 2# - ADDED ENTRY--CORPORATE NAME
Corporate name or jurisdiction name as entry element Namibian Information Workers Association.
776 08 - ADDITIONAL PHYSICAL FORM ENTRY
Relationship information Online version:
Main entry heading Standing Conference of Eastern, Central and Southern African Librarians (14th : 2000 : Windoek, Namibia)
Title Information 2000.
Place, publisher, and date of publication Windhoek : Namibian Information Workers Association, 2000
Record control number (OCoLC)615759577
906 ## - LOCAL DATA ELEMENT F, LDF (RLIN)
a 7
b cbc
c pccadap
d 3
e ncip
f 20
g y-gencatlg
942 ## - ADDED ENTRY ELEMENTS (KOHA)
Source of classification or shelving scheme Dewey Decimal Classification
Koha item type Books
Holdings
Withdrawn status Lost status Source of classification or shelving scheme Damaged status Not for loan Home library Current library Date acquired Total Checkouts Full call number Barcode Date last seen Price effective from Koha item type
    Dewey Decimal Classification     Bunge Tower Library Bunge Tower Library 06/02/2023   020.967 SCE 100036 06/02/2023 06/02/2023 Books
LIBRARY OPENING HOURS

When the Parliament is sitting: 8.00a.m - 7.00p.m or until the house adjourns
Mondays and Fridays and when the House is on Recess:  8.00a.m - 5.00p.m
Closed on Weekends and Public Holidays

Online Public Access Catalog (OPAC)
Website: http://www.parliament.go.ke
Bunge Library: https://libraryir.parliament.go.ke
Contact: library@parliament.go.ke | Tel no: (254-2)2221291 or 2848000 Ext 5043